Ideology, power and resistance in a South Indian village (Record no. 33970)

000 -LEADER
fixed length control field 00425pab a2200157 454500
008 - FIXED-LENGTH DATA ELEMENTS--GENERAL INFORMATION
fixed length control field 180718b1996 xxu||||| |||| 00| 0 eng d
100 ## - MAIN ENTRY--PERSONAL NAME
Personal name Rao, N. Sudhakar
245 ## - TITLE STATEMENT
Title Ideology, power and resistance in a South Indian village
260 ## - PUBLICATION, DISTRIBUTION, ETC.
Date of publication, distribution, etc. 1996
300 ## - PHYSICAL DESCRIPTION
Extent p.205-32
362 ## - DATES OF PUBLICATION AND/OR SEQUENTIAL DESIGNATION
Dates of publication and/or sequential designation Sep
650 ## - SUBJECT ADDED ENTRY--TOPICAL TERM
Topical term or geographic name entry element Untouchables - India - Andhra Pradesh
650 ## - SUBJECT ADDED ENTRY--TOPICAL TERM
Topical term or geographic name entry element Social problems
773 ## - HOST ITEM ENTRY
Main entry heading Sociological Bulletin
909 ## -
-- 33970
Holdings
Withdrawn status Lost status Damaged status Not for loan Permanent Location Current Location Date acquired Serial Enumeration / chronology Barcode Date last seen Price effective from Koha item type
        Indian Institute of Public Administration Indian Institute of Public Administration 2018-07-19 Volume no: 45, Issue no: 2 AR34199 2018-07-19 2018-07-19 Articles

Powered by Koha